MARC-Details
| 000 -LEADER |
| fixed length control field |
02539pam a2200637 cc4500 |
| 001 - CONTROL NUMBER |
| control field |
1129797309 |
| 003 - CONTROL NUMBER IDENTIFIER |
| control field |
DE-101 |
| 005 - DATE AND TIME OF LATEST TRANSACTION |
| control field |
20250527121300.0 |
| 007 - PHYSICAL DESCRIPTION FIXED FIELD--GENERAL INFORMATION |
| fixed length control field |
tu |
| 008 - FIXED-LENGTH DATA ELEMENTS--GENERAL INFORMATION |
| fixed length control field |
170412s2017 gw ||||| |||| 00||||ger |
| 015 ## - NATIONAL BIBLIOGRAPHY NUMBER |
| National bibliography number |
17,A42 |
| Canceled/invalid national bibliography number |
17,N16 |
| Source |
dnb |
| 016 7# - NATIONAL BIBLIOGRAPHIC AGENCY CONTROL NUMBER |
| Source |
DE-101 |
| Record control number |
1129797309 |
| 020 ## - INTERNATIONAL STANDARD BOOK NUMBER |
| International Standard Book Number |
9783770496341 |
| Terms of availability |
Broschur : EUR 7.50 (DE), EUR 7.80 (AT), CHF 10.50 (freier Preis) |
| 020 ## - INTERNATIONAL STANDARD BOOK NUMBER |
| International Standard Book Number |
3770496345 |
| 024 3# - OTHER STANDARD IDENTIFIER |
| Standard number or code |
9783770496341 |
| 028 52 - PUBLISHER OR DISTRIBUTOR NUMBER |
| Publisher or distributor number |
Bestellnummer: 375/49634 |
| 035 ## - SYSTEM CONTROL NUMBER |
| System control number |
(DE-599)DNB1129797309 |
| 035 ## - SYSTEM CONTROL NUMBER |
| System control number |
(OCoLC)983787236 |
| 040 ## - CATALOGING SOURCE |
| Original cataloging agency |
1145 |
| Language of cataloging |
ger |
| Transcribing agency |
DE-101 |
| Modifying agency |
1247 |
| Description conventions |
rda |
| 041 ## - LANGUAGE CODE |
| Language code of text/sound track or separate title |
ger |
| Language code of original |
jpn |
| 044 ## - COUNTRY OF PUBLISHING/PRODUCING ENTITY CODE |
| ISO country code |
XA-DE |
| 082 74 - DEWEY DECIMAL CLASSIFICATION NUMBER |
| Classification number |
741.5 |
| Assigning agency |
DE-101 |
| Edition number |
23sdnb |
| 100 1# - MAIN ENTRY--PERSONAL NAME |
| Authority record control number or standard number |
(DE-588)139372415 |
| -- |
https://d-nb.info/gnd/139372415 |
| -- |
(DE-101)139372415 |
| Personal name |
Shinkai, Makoto |
| Dates associated with a name |
1973- |
| Relator term |
Verfasser |
| Relationship |
aut |
| Source of heading or term |
gnd |
| 245 10 - TITLE STATEMENT |
| Title |
Your name. |
| Number of part/section of a work |
1 |
| Statement of responsibility, etc. |
Autor: Makoto Shinkai ; Art: Ranmaru Kotone |
| 250 ## - EDITION STATEMENT |
| Edition statement |
Deutschsprachige Ausgabe, 1. Auflage |
| 264 31 - PRODUCTION, PUBLICATION, DISTRIBUTION, MANUFACTURE, AND COPYRIGHT NOTICE |
| Place of production, publication, distribution, manufacture |
Berlin |
| Name of producer, publisher, distributor, manufacturer |
Egmont Manga |
| Date of production, publication, distribution, manufacture, or copyright notice |
2017 |
| 300 ## - PHYSICAL DESCRIPTION |
| Extent |
1 Band (nicht paginiert) |
| Dimensions |
18 cm |
| 336 ## - CONTENT TYPE |
| Content type term |
unbewegtes Bild |
| Content type code |
sti |
| Source |
rdacontent |
| 336 ## - CONTENT TYPE |
| Content type term |
Text |
| Content type code |
txt |
| Source |
rdacontent |
| 337 ## - MEDIA TYPE |
| Media type term |
ohne Hilfsmittel zu benutzen |
| Media type code |
n |
| Source |
rdamedia |
| 338 ## - CARRIER TYPE |
| Carrier type term |
Band |
| Carrier type code |
nc |
| Source |
rdacarrier |
| 653 ## - INDEX TERM--UNCONTROLLED |
| Uncontrolled term |
(Produktform)Paperback / softback |
| 653 ## - INDEX TERM--UNCONTROLLED |
| Uncontrolled term |
Manga |
| 653 ## - INDEX TERM--UNCONTROLLED |
| Uncontrolled term |
Anime |
| 653 ## - INDEX TERM--UNCONTROLLED |
| Uncontrolled term |
Japan |
| 653 ## - INDEX TERM--UNCONTROLLED |
| Uncontrolled term |
Tokio |
| 653 ## - INDEX TERM--UNCONTROLLED |
| Uncontrolled term |
Tokyo |
| 653 ## - INDEX TERM--UNCONTROLLED |
| Uncontrolled term |
Bergdorf |
| 653 ## - INDEX TERM--UNCONTROLLED |
| Uncontrolled term |
Komet |
| 653 ## - INDEX TERM--UNCONTROLLED |
| Uncontrolled term |
Romanze |
| 653 ## - INDEX TERM--UNCONTROLLED |
| Uncontrolled term |
Liebe |
| 653 ## - INDEX TERM--UNCONTROLLED |
| Uncontrolled term |
Romance |
| 653 ## - INDEX TERM--UNCONTROLLED |
| Uncontrolled term |
(DDB-Sachgruppen)08: Comics, Cartoons, Karikaturen |
| 653 ## - INDEX TERM--UNCONTROLLED |
| Uncontrolled term |
(Produktgruppe)00004: Egmont Manga |
| 653 ## - INDEX TERM--UNCONTROLLED |
| Uncontrolled term |
(VLB-WN)2182: Taschenbuch / Belletristik/Comic, Cartoon, Humor, Satire/Manga, Manhwa |
| 655 #7 - INDEX TERM--GENRE/FORM |
| Authority record control number or standard number |
(DE-588)4010427-8 |
| -- |
https://d-nb.info/gnd/4010427-8 |
| -- |
(DE-101)040104273 |
| Genre/form data or focus term |
Comic |
| Source of term |
gnd-content |
| 700 1# - ADDED ENTRY--PERSONAL NAME |
| Field link and sequence number |
1\p |
| Authority record control number or standard number |
(DE-588)1325267120 |
| -- |
https://d-nb.info/gnd/1325267120 |
| -- |
(DE-101)1325267120 |
| Personal name |
Peter, Claudia |
| Dates associated with a name |
1941- |
| Relator term |
Übersetzer |
| Relationship |
trl |
| Source of heading or term |
gnd |
| 710 2# - ADDED ENTRY--CORPORATE NAME |
| Field link and sequence number |
2\p |
| Authority record control number or standard number |
(DE-588)1065555091 |
| -- |
https://d-nb.info/gnd/1065555091 |
| -- |
(DE-101)1065555091 |
| Corporate name or jurisdiction name as entry element |
EMA - Egmont Manga und Anime |
| Relator term |
Verlag |
| Relationship |
pbl |
| Source of heading or term |
gnd |
| 773 08 - HOST ITEM ENTRY |
| Enumeration and first page |
11 |
| Record control number |
(DE-101)1141181320 |
| 776 08 - ADDITIONAL PHYSICAL FORM ENTRY |
| Relationship information |
Erscheint auch als |
| International Standard Book Number |
9783770496457 |
| 856 42 - ELECTRONIC LOCATION AND ACCESS |
| Contact for access assistance |
X:MVB |
| Electronic format type |
text/html |
| Uniform Resource Identifier |
<a href="http://deposit.dnb.de/cgi-bin/dokserv?id=599e54f7c52b40b18231b85366e93a91&prov=M&dok_var=1&dok_ext=htm">http://deposit.dnb.de/cgi-bin/dokserv?id=599e54f7c52b40b18231b85366e93a91&prov=M&dok_var=1&dok_ext=htm</a> |
| Materials specified |
Inhaltstext |
| 883 2# - METADATA PROVENANCE |
| Field link and sequence number |
1\p |
| Creation process |
dnb |
| Creation date |
20240404 |
| Assigning or generating agency |
DE-101 |
| Uniform Resource Identifier |
https://d-nb.info/provenance/plan#dnb |
| 883 1# - METADATA PROVENANCE |
| Field link and sequence number |
2\p |
| Creation process |
adb |
| Creation date |
20211003 |
| Assigning or generating agency |
DE-101 |
| Uniform Resource Identifier |
https://d-nb.info/provenance/plan#adb |
| 942 ## - ADDED ENTRY ELEMENTS (KOHA) |
| Source of classification or shelving scheme |
Dewey Decimal Classification |
| Koha item type |
Manga |
| Suppress in OPAC |
No |